000
00272nam a22001097a 4500
008
170120b xxu||||| |||| 00| 0 eng d
020
_a
9780763738310
041
_a
eng
080
_a
618.2
245
_a
PRACTICAL APPLICATIONS IN SPORTS NUTRITION
_c
FINK, H.H
942
_2
udc
_c
BK
999
_c
3225
_d
3225